| 000 | 00583nam a22001937a 4500 | ||
|---|---|---|---|
| 003 | OSt | ||
| 005 | 20260306014053.0 | ||
| 008 | 260306b |||||||| |||| 00| 0 eng d | ||
| 020 | _a9789712739040 | ||
| 040 |
_aDWCL - Main Lib. _cOC |
||
| 082 | _aF M985o 2025 | ||
| 100 | _aMusni, Rheinlander C. | ||
| 245 |
_aOrigins of the QED club / _cRheinlander C. Musni |
||
| 250 | _aNew edition. | ||
| 260 |
_aMandaluyong City : _bAnvil Publishing, _cc2025. |
||
| 300 |
_a241 pages : _billustrations ; _c20 cm. |
||
| 650 | _a1. Students - Societies etc. -- Fiction. | ||
| 942 |
_2ddc _cFIC. _n0 |
||
| 999 |
_c8649 _d8649 |
||